000 00224nam a2200097Ia 4500
005 20251222114343.0
008 251222s1900||||xx |||||||||||||| ||spa||
082 _aDVD0060/C523H
245 0 _aCharles Chaplin: cortos:
942 _cDVD
999 _c931
_d931